000 00498nam a22001697a 4500
005 20251108164910.0
008 250721s1983 xx 000 0 ara d
082 1 4 _a811.9611/عكا
245 1 0 _aعكاظية عيد ميلاد المجاهد الأكبر /
264 1 _aتونس :
_bوزارة الشؤون الثقافية،
_c1983.
300 _a313ص
650 1 7 _aالشعر العربي
650 1 7 _aالعصر الحديث
650 1 7 _aتونس
942 _2ddc
_cBK
999 _c16988
_d16988